Statistiques concernant Langue française: Le jeu des 8 lettres #6

Cliquez ici pour prendre le quiz!

Statistiques générales

  • Ce quiz a été pris 466 fois
  • Le résultat moyen est 13 sur 20

Statistiques - réponses

DéfinitionMot% Correct
Il coule dans nos veinesSang
100%
Habitant ailé du ParadisAnge
94%
On y prend le trainGare
94%
Mammifère, repas préféré d'ObélixSanglier
94%
Permettent de volerAiles
93%
On la prélève du moutonLaine
90%
Contraire de toutRien
81%
Souffrir d'une hémorragieSaigner
76%
L'Homme, le Gorille et le Chimpanzé en sont unSinge
75%
Fabriquent l'urineReins
73%
Matière avec laquelle on fait de la Terre cuiteArgile
68%
Utile pour la croissance des plantesEngrais
51%
Disque qui contient moins de 4 chansonsSingle
51%
Ouverture entre deux demi-droites sécantesAngle
38%
Également appelé orignalÉlan
36%
Désert de pierresReg
36%
Monnaie du BrésilRéal
35%
Indiquer à quelqu'unSignaler
31%
Titre donné à un souverainSire
30%
Grêle fineGrésil
23%

Distribution des résultats

Percentile par nombre de réponses

% des personnes avec chaque résultat

Votre développement - résultats

Vous n’avez pas pris ce quiz